|
|
|
|
| LEADER |
00000ny a22000003n 4500 |
| 003 |
EbpS |
| 005 |
20110511121144.0 |
| 006 |
m d |||||| |
| 007 |
cr anunnnuuuaa |
| 008 |
060206s us 000 eng d |
| 022 |
|
|
|a 0020-465X
|
| 022 |
|
|
|a 0895-0016
|
| 035 |
|
|
|a 2921
|
| 040 |
|
|
|d vLex
|
| 050 |
0 |
0 |
|a K9
|b .N7469
|
| 050 |
0 |
0 |
|a K9
|b .N7469
|
| 090 |
|
|
|c 1644
|d 1644
|
| 245 |
0 |
0 |
|a Defense counsel journal
|h [Recurso electrn̤ico]
|
| 256 |
|
|
|a Servicio en ln̕ea
|
| 260 |
|
|
|a Chicago :
|b The Association
|
| 310 |
|
|
|a Trimestral
|
| 500 |
|
|
|a Titulo de la cubierta
|
| 506 |
1 |
|
|a Contenido solo disponible en los productos indicados
|d vLex Global
|d vLex Global (Academic Edition, excluding Law Schools)
|d vLex Global (Academic Edition, Law Schools)
|
| 650 |
0 |
4 |
|a Seguros
|x Derecho
|x Publicaciones perid̤icas
|
| 650 |
0 |
4 |
|a Insurance
|
| 650 |
0 |
4 |
|a Security
|
| 650 |
0 |
4 |
|a Law
|
| 710 |
2 |
|
|a International Association of Defense Counsel
|
| 740 |
|
|
|a vLex Revista (Servicios en ln̕ea)
|
| 780 |
0 |
0 |
|t Insurance counsel journal
|x 0020-465X
|
| 843 |
|
|
|a Electrn̤ica. Abierta
|
| 853 |
|
|
|8 1
|i (year)
|j (month)
|k (day)
|
| 856 |
4 |
0 |
|u http://vlex.com/source/2921
|z Acceso restringido
|
| 942 |
|
|
|c REV
|
| 999 |
|
0 |
|a Insurance law
|v Periodicals
|
| 999 |
|
0 |
|a Insurance law
|z United States
|v Periodicals
|